| 000 | 00522nam a2200121Ia 4500 | ||
|---|---|---|---|
| 008 | 220620s9999||||xx |||||||||||||| ||und|| | ||
| 100 | _aMejdi Jeguirim (Ed.)||Lionel Limousy (ed.) | ||
| 245 | 0 | _aBiomass Chars: Elaboration, Characterization and Applications | |
| 546 | _aEnglish[eng] | ||
| 650 | _amorphological||reactivity||thermochemical conversion||textural and structural properties||surface chemistry||gasification||soil amendment||Biomass||chars | ||
| 856 | _uhttp://www.mdpi.com/books/pdfview/book/493 | ||
| 942 | _cEB | ||
| 999 |
_c30846 _d30846 |
||